El hombre que creía en la luna /

Guardado en:
Autor Principal: Valentino, Esteban.
Otros Autores: Torres, Elena; il.
Formato: Libro
Idioma:Undetermined
Publicado: Buenos Aires : Libros del Quirquincho, 1992.
Edición:3a ed.
Materias:
Etiquetas: Agregar Etiqueta
Sin Etiquetas, Sea el primero en etiquetar este registro!
LEADER 00886nam a22002055a 4500
001 CEM.cems020306
008 230804s1992####ag############000#0#und#d
005 20230804191358.0
245 1 0 |a El hombre que creía en la luna /  |c Esteban Valentino ; ilustrado por Elena Torres. 
250 |a 3a ed. 
260 |a Buenos Aires :  |b Libros del Quirquincho,  |c 1992. 
300 |a 64 p. 
505 0 |a La luna ¿vale la pena? ¿Qué traman los Vendedores de la Noche? ¿Quiénes son los Arruinadores del Negocio? ¿Serán capaces el sagaz Olmos y Tito de descubrir por qué de golpe y porrazo, la luna se convirtió en mala palabra? 
020 |a 9507370021 
100 1 |a Valentino, Esteban. 
700 1 |a Torres, Elena; il. 
653 |a Literatura infantil y juvenil 
653 |a Literatura argentina 
653 |a Novela infantil 
859 |a CEMS  |b BIB. CEMS - Inicial y Primaria  |h A863.4  |i V235-2  |k IP  |p 824  |t Ej.1